South Eastern Kenya University

Library Online Public Access Catalogue


Economics of resources, agriculture, and food / (Record no. 3233)

MARC details
000 -LEADER
fixed length control field 01165cam a22003374a 4500
001 - CONTROL NUMBER
control field 12373857
003 - CONTROL NUMBER IDENTIFIER
control field SEKU
005 - DATE AND TIME OF LATEST TRANSACTION
control field 20140909100027.0
008 - FIXED-LENGTH DATA ELEMENTS--GENERAL INFORMATION
fixed length control field 010409s2002 iaua 001 0 eng
010 ## - LIBRARY OF CONGRESS CONTROL NUMBER
LC control number 2001031266
020 ## - INTERNATIONAL STANDARD BOOK NUMBER
International Standard Book Number 0070259585
040 ## - CATALOGING SOURCE
Original cataloging agency DLC
Transcribing agency DLC
Modifying agency DLC
-- SEKU
Language of cataloging eng
042 ## - AUTHENTICATION CODE
Authentication code pcc
050 00 - LIBRARY OF CONGRESS CALL NUMBER
Classification number HD1415
Item number .S39 2002
082 00 - DEWEY DECIMAL CLASSIFICATION NUMBER
Classification number 338.1
Edition number 21
100 1# - MAIN ENTRY--PERSONAL NAME
Personal name Seitz, Wesley D.
245 10 - TITLE STATEMENT
Title Economics of resources, agriculture, and food /
Statement of responsibility, etc. Wesley D. Seitz, Gerald C. Nelson, Harold G. Halcrow.
250 ## - EDITION STATEMENT
Edition statement 2nd ed.
260 ## - PUBLICATION, DISTRIBUTION, ETC. (IMPRINT)
Place of publication, distribution, etc. Dubuque, Iowa :
Name of publisher, distributor, etc. McGraw-Hill,
Date of publication, distribution, etc. c2002.
300 ## - PHYSICAL DESCRIPTION
Extent xxiv, 520 p. :
Other physical details ill. ;
Dimensions 24 cm.
440 #0 - SERIES STATEMENT/ADDED ENTRY--TITLE
Title McGraw-Hill series in agricultural economics
500 ## - GENERAL NOTE
General note Includes index.
650 #0 - SUBJECT ADDED ENTRY--TOPICAL TERM
Topical term or geographic name as entry element Agriculture
General subdivision Economic aspects.
650 #0 - SUBJECT ADDED ENTRY--TOPICAL TERM
Topical term or geographic name as entry element Agricultural industries.
650 #0 - SUBJECT ADDED ENTRY--TOPICAL TERM
Topical term or geographic name as entry element Agriculture and state.
700 1# - ADDED ENTRY--PERSONAL NAME
Personal name Nelson, Gerald C.
700 1# - ADDED ENTRY--PERSONAL NAME
Personal name Halcrow, Harold G.
856 41 - ELECTRONIC LOCATION AND ACCESS
Materials specified Table of contents
Uniform Resource Identifier <a href="http://www.loc.gov/catdir/toc/mh041/2001031266.html">http://www.loc.gov/catdir/toc/mh041/2001031266.html</a>
856 42 - ELECTRONIC LOCATION AND ACCESS
Materials specified Publisher description
Uniform Resource Identifier <a href="http://www.loc.gov/catdir/description/mh021/2001031266.html">http://www.loc.gov/catdir/description/mh021/2001031266.html</a>
942 ## - ADDED ENTRY ELEMENTS (KOHA)
Source of classification or shelving scheme Library of Congress Classification
Koha item type General circulation
Classification part HD1415
Item part .S39 2002
Holdings
Withdrawn status Lost status Source of classification or shelving scheme Damaged status Not for loan Home library Current library Date acquired Cost, normal purchase price Total Checkouts Full call number Barcode Date last seen Date last checked out Cost, replacement price Price effective from Koha item type Public note Shelving location
    Library of Congress Classification     Kitui Town Campus Library Kitui Town Campus Library 09/04/2015 7000.00   HD 1415 .S39 2002 2024/028334 09/04/2015   7500.00 09/04/2015 General circulation   General Stacks
    Library of Congress Classification     Main Campus Library Main Campus Library 09/09/2014 7000.00 2 HD1415 .S39 2002 2018/020904 19/11/2015 15/10/2015 7500.00 09/09/2014 General circulation Rono  
Kitui, Kenya.
+254736116989
library@seku.ac.ke